000 01383nam a2200313 i 4500
001 181626
003 ES-MaACL
005 20250824085146.0
008 130226s1947 sp |||| | spa d
080 _a821.133.1-992"12"
080 _a913(5)"12"
100 1 _aPolo, Marco,
_d1254-1324
_992864
245 1 0 _aLibro de las cosas maravillosas /
_cde Marco Polo .
_b[y Tratado de Pogio Florentino / traducción de Rodrigo Fernández de Santaella] ; lo publica la Sociedad de Bibliófilos Españoles ; [prólogo de Rafael Benítez Claros].
260 _aMadrid :
_bSociedad de Bibliófilos Españoles,
_c1947 (
_fGráf. Ultra)
300 _aXXII, 197 p., 1 lám., 2 h. ;
_c25 cm.
490 1 _aSociedad de Bibliófilos Españoles. Segunda época ;
_v20
534 _pReimp. de la ed. de:
_cSevilla, 1518.
594 _aEl autor del tratado es Giovanni Francesco Poggio Bracciolini.
651 4 _aAsia-
_xDescripción-
_yS.XIII
_97825
651 4 _aAsia-
_xDescripción-
_yS.XIV
_97826
700 1 _aFernández de Santaella, Rodrigo.
_949712
700 1 _aBenítez Claros, Rafael.
_927622
700 1 _aBracciolini, Poggio (
_d1380-1459)
_9152379
710 2 _aSociedad de Bibliófilos Españoles.
_96661
830 1 0 _aSociedad de Bibliófilos Españoles. Segunda época
_v20
_9191496
852 4 _aES-MaACL
_jJ-7(II-20)
942 _2udc
999 _c181626
_d181626